| 000 | 00770nam a2200241 u 4500 | ||
|---|---|---|---|
| 001 | 61242 | ||
| 005 | 20180714062811.0 | ||
| 008 | 140604s2007 xxu r 000 0 eng d | ||
| 020 | _a9781607961307 | ||
| 082 | 0 |
_a792 _bEGR |
|
| 100 | 1 |
_aEgri, Lajos _eautor |
|
| 245 | 1 | 4 |
_aThe art of dramatic writing : _bits basis in the creative interpretation of human motives / _cLajos Egri. |
| 250 | _a[Primera edición] | ||
| 264 | 1 |
_aEstados Unidos : _bBN Publishing, _c2007 |
|
| 300 |
_a136 páginas ; _c24 cm. |
||
| 336 |
_atexto _2rdacontent |
||
| 337 |
_asin mediación _2rdamedia |
||
| 338 |
_avolume _2rdacarrier |
||
| 650 | 1 | _aRetórica | |
| 650 | 1 | _aCreación literaria | |
| 650 | 1 | _aArgumentos (Drama, Novela, etc.) | |
| 650 | 1 |
_aTeatro _xRetórica |
|
| 999 |
_c61242 _d61242 |
||